00529nam a2200181Ia 450000500170000000800410001702000180005804100120007608200180008810000240010624500990013025000120022926000320024130000220027365000140029565000170030970000210032620260429112127.0260429s9999||||xx |||||||||||||| ||und|| a9789357467933 aEnglish a615.1015bGIL aGilmore, Brendan F. 0aHugo and Russell's pharmaceutical microbiology : ban Indian adaptation / cBrendan F. Gilmore a9th ed. aNew Delhi : bWiley,c2024. axxii, 606 p.; pbk a Pharmacy aMicrobiology a Denyer, Stephen